Some New Jensen–Mercer Type Integral Inequalities via Fractional Operators
In this study, we present new variants of the Hermite–Hadamard inequality via non-conformable fractional integrals. These inequalities are proven for convex functions and differentiable functions whose derivatives in absolute value are generally convex. Our main results are established using the cla...
Elmentve itt :
| Szerzők: | |
|---|---|
| Dokumentumtípus: | Cikk |
| Megjelent: |
2023
|
| Sorozat: | AXIOMS
12 No. 6 |
| Tárgyszavak: | |
| doi: | 10.3390/axioms12060517 |
| mtmt: | 33879022 |
| Online Access: | http://publicatio.bibl.u-szeged.hu/37075 |
| LEADER | 01366nab a2200241 i 4500 | ||
|---|---|---|---|
| 001 | publ37075 | ||
| 005 | 20250623134847.0 | ||
| 008 | 250623s2023 hu o 000 eng d | ||
| 022 | |a 2075-1680 | ||
| 024 | 7 | |a 10.3390/axioms12060517 |2 doi | |
| 024 | 7 | |a 33879022 |2 mtmt | |
| 040 | |a SZTE Publicatio Repozitórium |b hun | ||
| 041 | |a eng | ||
| 100 | 1 | |a Bayraktar Bahtiyar | |
| 245 | 1 | 0 | |a Some New Jensen–Mercer Type Integral Inequalities via Fractional Operators |h [elektronikus dokumentum] / |c Bayraktar Bahtiyar |
| 260 | |c 2023 | ||
| 300 | |a 17 | ||
| 490 | 0 | |a AXIOMS |v 12 No. 6 | |
| 520 | 3 | |a In this study, we present new variants of the Hermite–Hadamard inequality via non-conformable fractional integrals. These inequalities are proven for convex functions and differentiable functions whose derivatives in absolute value are generally convex. Our main results are established using the classical Jensen–Mercer inequality and its variants for (h,m)-convex modified functions proven in this paper. In addition to showing that our results support previously known results from the literature, we provide examples of their application. | |
| 650 | 4 | |a Matematika | |
| 700 | 0 | 1 | |a Kórus Péter |e aut |
| 700 | 0 | 2 | |a Nápoles Valdés Juan Eduardo |e aut |
| 856 | 4 | 0 | |u http://publicatio.bibl.u-szeged.hu/37075/1/2023.SomeNewJensenMercerTypeIntegralInequalitiesvia.pdf |z Dokumentum-elérés |